[Event "Match"]
[Site "www.echecsemail.com"]
[Date "2017.11.16"]
[Round "1"]
[White "Et1"]
[Black "Llord"]
[WhiteElo "1809"]
[BlackElo "1940"]
[Result "0-1"]
[Round "1"]
1.e4 e5
2.Ng1f3 Nb8c6
3.Bf1c4 Bf8e7
4.b3 Ng8f6
5.Nb1c3 d6
6.d4 exd4
7.Nf3xd4 Nc6xd4
8.Qd1xd4 c5
9.Qd4d3 O-O
10.O-O a6
11.Bc1b2 Nf6g4
 { time }
0-1

[Event "Match"]
[Site "www.echecsemail.com"]
[Date "2017.11.16"]
[Round "1"]
[White "Apdash"]
[Black "Gidi5"]
[WhiteElo "2300"]
[BlackElo "2310"]
[Result "0-1"]
[Round "1"]
1.e4 e5
2.Ng1f3 Ng8f6
3.Bf1c4 Nb8c6
4.d3 Bf8e7
5.O-O O-O
6.Nb1c3 d6
7.h3 Nc6a5
8.Bc4b5 a6
9.Bb5a4 b5
10.Ba4b3 Na5xb3
11.axb3 Bc8d7
12.b4 c6
13.Nc3e2 Qd8c7
14.c3 d5
15.exd5 cxd5
16.Bc1g5 Rf8d8
17.d4 e4
18.Nf3e5 Bd7e6
19.f4 h6
20.Bg5h4 Be6c8
21.Kh1 Rd8d6
22.Qd1d2 Nf6h7
23.Bh4g3 Rd6b6
24.Qd2e3 Be7d6
25.f5 Nh7f6
26.Bg3h4 Nf6d7
27.Ne2f4 Bd6xe5
28.Nf4xd5 Qc7d6
29.Nd5xb6 Qd6xb6
30.Qe3xe4 Bc8b7
31.Qe4g4 Nd7f6
32.Qg4e2 Be5c7
33.Qe2e7 Ra8e8
34.Qe7c5 Qb6xc5
35.bxc5 Re8e2
36.Rf1f2 Re2xf2
37.Bh4xf2 Nf6e4
38.Bf2h4 Bc7g3
39.Bh4d8 Ne4f2
40.Kg1 Nf2d3
41.Ra1d1 Nd3xb2
42.Rd1d2 Nb2c4
43.Rd2d3 Bg3f4
44.g4 Bb7e4
45.Rd3d1 Bf4d2
46.Bd8h4 Bd2xc3
47.Bh4f2 b4
48.Rd1c1 Nc4d2
49.Bf2e3 Nd2b3
50.Rc1d1 Be4d5
51.Rd1b1 Nb3xd4
52.Rb1d1 Nd4f3
53.Kf2 Bd5c6
54.Rd1d6 Nf3e5
55.Be3f4 Bc6b5
56.Rd6d8 Kh7
57.Rd8c8 Ne5d3
58.Ke3 Nd3xf4
59.Kxf4 Bc3d2
60.Ke4 b3
61.Rc8d8 b2
{ resign }
0-1

[Event "Match"]
[Site "www.echecsemail.com"]
[Date "2017.11.16"]
[Round "1"]
[White "Picifarkinca"]
[Black "Geretree"]
[WhiteElo "1860"]
[BlackElo "1970"]
[Result "0-1"]
[Round "1"]
1.Ng1f3 Nb8c6
2.g3 Ng8f6
3.Bf1g2 e5
4.d3 d5
5.O-O Bc8g4
6.Nb1d2 Bf8c5
7.c3 e4
8.dxe4 dxe4
9.Nf3g5 e3
10.Nd2f3 exf2
{ resign }
0-1

[Event "Match"]
[Site "www.echecsemail.com"]
[Date "2017.11.16"]
[Round "1"]
[White "Cal"]
[Black "Sonny1000"]
[WhiteElo "1680"]
[BlackElo "1550"]
[Result "1-0"]
[Round "1"]
1.Nb1c3 c6
2.e4 e5
3.a3 Ng8f6
4.d3 d6
5.Bc1g5 h6
6.Bg5h4 g5
7.Bh4g3 Bc8g4
8.b4 Bg4xd1
9.Ra1xd1 Nf6g4
10.h3 Ng4f6
11.Bf1e2 Qd8b6
12.Ng1f3 a5
13.O-O axb4
14.Rd1b1 g4
15.hxg4 Ra8xa3
16.Nc3d1 Nf6xg4
17.Nf3h4 Nb8d7
18.Be2xg4 Nd7c5
19.Nh4f5 Kd7
20.Kh1 Ra3a2
21.c3 Nc5xd3
22.Rb1b3 h5
23.Bg4h3 Nd3f4
24.Rb3xb4 Kc7
25.Rb4xb6 Kxb6
26.Nf5e3 h4
27.Bg3xf4 exf4
28.Ne3f5 c5
29.c4 Kc6
30.f3 b6
31.Nd1c3 Ra2c2
32.Nc3d5 Rc2xc4
33.Rf1d1 Kb7
34.Kg1 Kc6
35.Nd5f6 b5
36.e5 Rc4d4
37.Nf5xd4 Kb6
38.Nf6d7 Kc7
39.Nd4xb5 Kc6
40.Nb5a7 Kc7
41.Na7b5 Kc6
42.Nb5c3 Bf8h6
43.Rd1xd6 Kc7
44.Nc3d5 Kd8
45.Nd7f6 { resign }
1-0

[Event "Match"]
[Site "www.echecsemail.com"]
[Date "2017.11.16"]
[Round "1"]
[White "Guidom"]
[Black "Apdash"]
[WhiteElo "2140"]
[BlackElo "2230"]
[Result "1/2-1/2"]
[Round "1"]
1.e4 c5
2.Ng1f3 Nb8c6
3.d4 cxd4
4.Nf3xd4 Qd8b6
5.c3 e6
6.Bf1e2 g6
7.O-O Bf8g7
8.Nd4b3 Qb6c7
9.g3 d6
10.Bc1e3 Ng8e7
11.Nb1d2 O-O
12.Ra1c1 d5
13.Be2f3 dxe4
14.Nd2xe4 Nc6e5
15.Bf3g2 Ne7d5
16.Qd1e2 Nd5xe3
17.Qe2xe3 Bc8d7
18.Rf1d1 Bd7c6
19.Nb3d4 Qc7b6
20.Qe3e2 Bc6d5
21.Kh1 Ra8c8
22.a3 Bd5c4
23.Qe2d2 h6
24.b4 Ne5d3
25.Rc1b1 e5
26.Nd4f3 f5
27.Ne4c5 e4
28.Nf3d4 Bg7xd4
29.cxd4 Kh7
30.Nc5d7 Qb6xd4
31.Nd7xf8 Rc8xf8
32.Kg1 b5
33.Qd2e3 Qd4g7
34.h4 Rf8f7
35.Bg2h3 Qg7e5
36.Bh3f1 Qe5c3
37.Bf1xd3 exd3
38.Rb1a1 Qc3f6
39.a4 bxa4
40.Ra1xa4 Bc4b3
41.Rd1a1 Bb3xa4
42.Ra1xa4 Qf6d6
43.Ra4xa7 Rf7xa7
44.Qe3xa7 Kg8
45.Qa7a2 Kg7
46.Qa2b2 Kf7
47.Qb2d2 Kf6
48.Kf1 Qd6d5
49.Qd2c3 Ke6
50.Qc3c8 Ke5
51.Qc8c3 Ke4
52.Qc3d2 Kd4
53.Qd2b2 Ke4
54.Qb2d2 Kd4
{ draw }
1/2-1/2

[Event "Match"]
[Site "www.echecsemail.com"]
[Date "2017.11.16"]
[Round "1"]
[White "Krystek23"]
[Black "Tonino1"]
[WhiteElo "2400"]
[BlackElo "2170"]
[Result "1-0"]
[Round "1"]
1.c4 Ng8f6
2.Nb1c3 g6
3.g3 Bf8g7
4.Bf1g2 O-O
5.d4 d6
6.Ng1f3 c6
7.O-O Qd8c7
8.Bc1f4 Nb8d7
9.Qd1d2 Rf8e8
10.Bf4h6 Bg7h8
11.h3 e5
12.e4 exd4
13.Nf3xd4 Nd7e5
14.b3 a6
15.Ra1d1 Bc8e6
16.f4 Ne5d7
17.f5 c5
18.fxe6 fxe6
19.Nd4f3 Nf6h5
20.Nc3d5 Qc7c6
21.g4 Nh5g3
22.Nf3g5 Ng3xf1
23.Qd2f2 Nd7f6
24.Nd5xf6 Bh8xf6
25.Qf2xf6 Qc6d7
26.Rd1xf1 Qd7e7
27.e5 dxe5
28.Qf6f7 Qe7xf7
29.Rf1xf7  { time }
1-0

[Event "Match"]
[Site "www.echecsemail.com"]
[Date "2017.11.16"]
[Round "1"]
[White "Paco"]
[Black "Apdash"]
[WhiteElo "1980"]
[BlackElo "2180"]
[Result "0-1"]
[Round "1"]
1.e4 c5
2.d4 cxd4
3.Qd1xd4 Nb8c6
4.Qd4a4 Ng8f6
5.Bc1e3 d6
6.Nb1c3 a6
7.Ng1f3 Bc8d7
8.Qa4b3 b5
9.Nf3g5 e6
10.a3 Bf8e7
11.Bf1d3 Nc6e5
12.O-O Nf6g4
13.Be3d2 Be7xg5
14.f4 Ne5xd3
15.fxg5 Qd8b6
16.Kh1 Nd3f2
17.Rf1xf2 Ng4xf2
18.Kg1 Nf2h3
19.Kh1 Qb6g1
{ resign }
0-1

[Event "Match"]
[Site "www.echecsemail.com"]
[Date "2017.11.16"]
[Round "1"]
[White "Paco"]
[Black "Juodivarnai"]
[WhiteElo "1970"]
[BlackElo "2040"]
[Result "1-0"]
[Round "1"]
1.e4 c5
2.Bf1c4 e6
3.Ng1f3 Ng8f6
4.e5 d5
5.exf6 dxc4
6.fxg7 Bf8xg7
7.c3 Nb8c6
8.O-O O-O
9.Nb1a3 Nc6a5
10.h4 a6
11.Qd1e2 b5
12.Qe2e4 Bc8b7
13.Qe4g4 Qd8f6
14.h5 Bb7xf3
15.gxf3 Kh8
16.d3 Rf8g8
17.Kh2 cxd3
18.Bc1g5 Qf6e5
19.f4 Qe5d6
20.Rf1g1 f6
21.h6 Bg7xh6
22.Bg5xf6 { resign }
1-0

[Event "Match"]
[Site "www.echecsemail.com"]
[Date "2017.11.16"]
[Round "1"]
[White "Ranjachess"]
[Black "Rindrandria"]
[WhiteElo "1810"]
[BlackElo "1820"]
[Result "0-1"]
[Round "1"]
1.e4 c6
2.Nb1c3 d5
3.d4 dxe4
4.Nc3xe4 f5
5.Ne4c3 Nb8d7
6.d5 Qd8b6
7.Bc1f4 e5
8.Qd1e2 Qb6xb2
9.Bf4xe5 Qb2xa1
10.Kd2 Kd8
11.dxc6 Nd7xe5
12.cxb7 Bc8xb7
13.Ng1f3 Ne5f7
14.Qe2e6 Bf8b4
15.Qe6c4 Qa1b2
16.Bf1d3 Nf7d6
17.Qc4d4 Ng8f6
18.Rh1b1 Bb4xc3
19.Qd4xc3 Qb2xb1
20.Qc3d4 Bb7d5
21.Nf3e5 Rh8e8
22.c4 Qb1xa2
23.Ke3 Nf6g4
24.Kf4 Qa2d2
25.Kg3 Ng4xe5
26.Qd4xd5 Qd2g5
27.Kh3 Qg5g4

0-1

[Event "Match"]
[Site "www.echecsemail.com"]
[Date "2017.11.16"]
[Round "1"]
[White "Markos123"]
[Black "Menace"]
[WhiteElo "1800"]
[BlackElo "2330"]
[Result "0-1"]
[Round "1"]
1.e4 d5
2.e5 Bc8f5
3.Bf1d3 Bf5xd3
4.cxd3 Nb8c6
5.Ng1f3 e6
6.d4 Bf8b4
7.O-O Ng8e7
8.a3 Bb4a5
9.d3 Ne7f5
10.Bc1g5 Qd8d7
11.Nb1c3 Nf5xd4
12.Nf3xd4 Nc6xd4
13.Bg5e3 Nd4c6
14.d4 O-O
15.Nc3a4 Nc6e7
16.Na4c5 Qd7c6
17.Ra1c1 Qc6b5
18.Qd1a4 Qb5xa4
19.Nc5xa4 Ne7f5
20.Na4c5 Ba5b6
21.b4 Bb6xc5
22.dxc5 Nf5xe3
23.fxe3 c6
24.Rc1d1 a5
25.b5 cxb5
26.Rd1c1 b4
27.c6 bxc6
28.Rc1xc6 b3
29.a4 Rf8b8
30.Rf1b1 Rb8b4
31.Rc6c3 Rb4xa4
32.h3 h6
33.Rc3xb3 Ra4e4
34.Rb1f1 Re4xe5
35.g4 a4
36.Rb3a3 Re5e4
37.Kg2 g5
38.Rf1d1 Ra8b8
39.Rd1c1 Rb8b3
40.Rc1c3 Rb3xc3
41.Ra3xc3 Kg7
42.Kg3 Kg6
43.Kf3 f5
44.gxf5 Kxf5
45.Rc3c8 h5
46.Rc8f8 Kg6
47.Rf8a8 Re4h4
48.Kg3 Kf6
49.Ra8f8 Ke7
50.Rf8g8 Kf6
51.Rg8f8 Ke5
52.Rf8g8 Rh4e4
53.Rg8xg5 Kd6
54.Kf3 a3
55.Rg5g1 a2
56.Rg1a1 Re4a4
57.Ke2 Ra4a3
58.h4 Ke5
59.Kf3 d4
60.Ke2 Ra3xe3
61.Kf2 Re3a3
62.Ke2 Kf4
{ resign }
0-1

[Event "Match"]
[Site "www.echecsemail.com"]
[Date "2017.11.16"]
[Round "1"]
[White "Mitja"]
[Black "Guidom"]
[WhiteElo "1950"]
[BlackElo "2140"]
[Result "0-1"]
[Round "1"]
1.d4 d5
2.e3 c6
3.c3 Ng8f6
4.h3 Bc8f5
5.Nb1d2 e6
6.Ng1f3 Bf8d6
7.b3 O-O
8.Bc1b2 Nb8d7
9.Bf1e2 h6
10.Nf3h4 Bf5h7
11.Nh4f3 Nf6e4
12.Nd2xe4 Bh7xe4
13.Be2d3 Nd7f6
14.Bd3xe4 Nf6xe4
15.Nf3d2 Ne4xd2
16.Qd1xd2 e5
17.dxe5 Bd6xe5
18.Ra1b1 Qd8f6
19.O-O Rf8d8
20.Qd2e2 Be5xc3
21.Bb2xc3 Qf6xc3
22.Rb1c1 Qc3e5
23.Rf1e1 Rd8d6
24.f4 Qe5e4
25.Rc1d1 Ra8e8
26.Rd1d4 Qe4xd4
27.exd4 Re8xe2
28.Re1xe2 Rd6e6
29.Re2xe6 fxe6
30.Kf2 Kf7
31.Ke3 Kf6
32.g3 g6
33.a3 h5
34.h4 Kf5
35.Kf3 b6
36.b4 a6
37.a4 a5
38.bxa5 bxa5
39.Kg2 Ke4
{ resign }
0-1

[Event "1/128 Finale"]
[Site "www.chess-mail.com"]
[Date "2017.11.16"]
[Round "1"]
[White "Attatroll"]
[Black "Mustaphly"]
[WhiteElo "2000"]
[BlackElo "2800"]
[Result "0-1"]
[Round "1"]
1.e4 c5
2.Nb1c3 Nb8c6
3.g4 e6
4.Bf1g2 Ng8e7
5.d3 Ne7g6
6.Ng1f3 d5
7.O-O d4
8.Nc3e2 e5
9.h3 h5
10.g5 Bc8d7
11.Bc1d2 Qd8c8
12.Ne2g3 Bd7xh3
13.a3 h4
14.Ng3f5 Bh3xf5
15.exf5 Qc8xf5
16.Qd1e2 h3
17.Bg2h1 Ng6f4
18.Qe2e4 h2
19.Nf3xh2 Qf5xg5
20.Bh1g2 Nf4h3
21.Kh1 Qg5xd2
22.f4 Nh3f2
23.Rf1xf2 Qd2xf2
24.fxe5 Qf2g3
25.Kg1 Rh8xh2
26.e6 Qg3xg2
27.Qe4xg2 Rh2xg2
{ resign }
0-1

[Event "1/16 Finale"]
[Site "www.chess-mail.com"]
[Date "2017.11.16"]
[Round "1"]
[White "Asoka"]
[Black "Sbb"]
[WhiteElo "2710"]
[BlackElo "2490"]
[Result "1/2-1/2"]
[Round "1"]
1.c4 e5
2.Nb1c3 Bf8b4
3.Nc3d5 Bb4c5
4.e3 Ng8f6
5.b4 Bc5e7
6.Nd5xe7 Qd8xe7
7.Bc1b2 O-O
8.Ng1e2 d5
9.cxd5 Nf6xd5
10.a3 c6
11.Ne2g3 a5
12.b5 f5
13.Ra1c1 f4
14.Ng3e4 Bc8f5
15.Ne4c5 Nb8d7
16.Nc5xd7 Bf5xd7
17.e4 Nd5c7
18.bxc6 Bd7xc6
19.Qd1b3 Kh8
20.Qb3c3 Rf8e8
21.Qc3c5 Qe7h4
22.d3 Qh4f6
23.Bf1e2 Qf6g6
24.O-O Nc7e6
25.Qc5b6 Qg6g5
26.Rc1c4 Re8d8
{ draw }
1/2-1/2

[Event "Fast Game"]
[Site "www.echecsemail.com"]
[Date "2017.11.16"]
[Round "1"]
[White "Fabos12"]
[Black "Apdash"]
[WhiteElo "1780"]
[BlackElo "1950"]
[Result "0-1"]
[Round "1"]
1.d4 d5
2.Bc1f4 Ng8f6
3.h3 e6
4.Ng1f3 Bf8e7
5.e3 c5
6.c3 Nb8c6
7.Bf1e2 h6
8.Nb1d2 cxd4
9.Nf3xd4 Bc8d7
10.Nd2f3 { time. }
0-1

[Event "Tourn. n9577"]
[Site "www.chess-mail.com"]
[Date "2017.11.17"]
[Round "1"]
[White "Picifarkinca"]
[Black "Et1"]
[WhiteElo "1860"]
[BlackElo "1809"]
[Result "1-0"]
[Round "1"]
1.Ng1f3 d5
2.c4 Nb8c6
3.e3 e6
4.d4 b6
5.Nb1c3 g6
6.cxd5 exd5
7.Bf1b5 Bc8b7
8.O-O a6
9.Bb5d3 Bf8d6
10.a3  { time }
1-0

[Event "Tourn. n9569"]
[Site "www.chess-mail.com"]
[Date "2017.11.17"]
[Round "1"]
[White "Tartan"]
[Black "Jazzy"]
[WhiteElo "2500"]
[BlackElo "2230"]
[Result "1/2-1/2"]
[Round "1"]
1.e4 d6
2.d4 Ng8f6
3.Nb1c3 Nb8d7
4.Ng1f3 e5
5.Bf1c4 Bf8e7
6.O-O c6
7.a4 O-O
8.Bc4a2 Qd8c7
9.Qd1e2 a5
10.Rf1d1 b6
11.d5 c5
12.Nf3h4 g6
13.Nh4f3 Nf6h5
14.Bc1h6 Rf8e8
15.Nc3b5 Qc7b8
16.Qe2e3 Nd7f6
17.h3 Nf6d7
18.Ba2c4 Nd7f6
19.Nb5c3 Bc8d7
20.Bh6g5 Kh8
21.g4 Nh5g7
22.Qe3e2 Nf6g8
23.Bg5e3 Qb8d8
24.Bc4b5 { draw }
1/2-1/2

[Event "Tourn. n9591"]
[Site "www.chess-mail.com"]
[Date "2017.11.17"]
[Round "1"]
[White "Andychesston"]
[Black "Chapi"]
[WhiteElo "2070"]
[BlackElo "2170"]
[Result "0-1"]
[Round "1"]
1.e4 c5
2.Ng1f3 Nb8c6
3.d4 cxd4
4.Nf3xd4 g6
5.b3 Bf8g7
6.Bc1b2 Ng8f6
7.Qd1f3 O-O
8.Nb1d2 Nf6g4
9.Nd4xc6 bxc6
10.Bb2xg7 Kxg7
11.Qf3xg4 Qd8a5
12.Bf1d3 d6
13.Qg4f4 { time. }
0-1

[Event "Tourn. n9547"]
[Site "www.chess-mail.com"]
[Date "2017.11.17"]
[Round "1"]
[White "Andychesston"]
[Black "Luban"]
[WhiteElo "2030"]
[BlackElo "2080"]
[Result "0-1"]
[Round "1"]
1.e4 c6
2.d4 d5
3.exd5 cxd5
4.Nb1c3 e6
5.Ng1f3 h6
6.Bf1b5 Bc8d7
7.Bc1d2 Nb8c6
8.O-O Ng8f6
9.Bb5xc6 Bd7xc6
10.Nf3e5 Ra8c8
11.a3 Bf8d6
12.f4 O-O
13.g4 Bd6xe5
14.fxe5 Nf6e4
15.Nc3xe4 dxe4
16.Bd2e3 Qd8h4
17.c4 Rf8d8
18.a4 a6
19.b4 b5
20.axb5 axb5
21.Ra1a7 Rd8d7
22.Ra7xd7 Bc6xd7
23.c5 Bd7c6
24.Be3f2 Qh4g5
25.h4 Qg5e7
26.Bf2g3 Rc8a8
27.Qd1d2 Bc6d5
28.Qd2b2 Ra8a2
29.Qb2c3 e3
30.Rf1a1 Ra2xa1
31.Qc3xa1 e2
32.Kf2 Bd5c4
33.Qa1a8 Kh7
34.Qa8e4 g6
35.h5 Qe7a7
36.c6 Qa7a1
37.hxg6 fxg6
38.c7 Qa1f1
39.Ke3 e1Q
40.Bg3xe1 Qf1xe1
41.Kf4 Qe1f2
42.Qe4f3 g5
43.Ke4 Bc4d5
44.Kd3 Qf2xf3
{ resign }
0-1

[Event "Tourn. n9527"]
[Site "www.chess-mail.com"]
[Date "2017.11.17"]
[Round "1"]
[White "Bojan"]
[Black "Norlavuaram"]
[WhiteElo "2010"]
[BlackElo "2070"]
[Result "1/2-1/2"]
[Round "1"]
1.e4 e5
2.Ng1f3 Nb8c6
3.c3 Ng8f6
4.d3 Bf8e7
5.Bf1e2 O-O
6.h3 d5
7.exd5 Nf6xd5
8.Nf3h2 Bc8f5
9.Nb1d2 Nd5f4
10.O-O Nf4xe2
11.Qd1xe2 Bf5xd3
12.Qe2g4 Bd3g6
13.Rf1e1 Kh8
14.Nd2f3 f5
15.Qg4c4 Be7f6
16.Qc4c5 Qd8d6
17.Qc5e3 e4
18.Nf3d2 f4
19.Qe3e2 Ra8e8
20.Qe2c4 e3
21.fxe3 fxe3
22.Nd2f3 Re8e4
23.Qc4e2 Qd6g3
24.Bc1xe3 Rf8e8
25.Be3f2 Qg3f4
26.Qe2d1 Re8d8
27.Qd1b3 b6
28.Nh2g4 Rd8e8
29.Qb3d5 Re4xe1
30.Ra1xe1 Re8xe1
31.Nf3xe1 Qf4d6
32.Qd5xd6 cxd6
33.Ng4xf6 gxf6
34.Ne1f3 Kg7
35.Nf3h4 Bg6d3
36.g4 Nc6e5
37.Bf2e3 Ne5c4
38.Be3c1 Nc4e5
39.Kf2 Bd3b1
40.Ke3 Kf7
41.a3 Ke6
42.Nh4f3 Ne5xf3
43.Kxf3 Bb1a2
44.Kf4 Ba2b1
45.Bc1e3 Bb1c2
{ draw }
1/2-1/2

[Event "Tourn. n9620"]
[Site "www.chess-mail.com"]
[Date "2017.11.17"]
[Round "1"]
[White "Gidi5"]
[Black "Apdash"]
[WhiteElo "2310"]
[BlackElo "2330"]
[Result "1/2-1/2"]
[Round "1"]
1.e4 c5
2.Ng1f3 Nb8c6
3.Bf1b5 d6
4.Bb5xc6 bxc6
5.O-O Bc8g4
6.d3 e5
7.Nb1d2 Ng8f6
8.b3 Bf8e7
9.Bc1b2 Qd8d7
10.Nd2c4 O-O
11.Nc4e3 Bg4h5
12.h3 Nf6e8
13.Ne3f5 a5
14.Nf3xe5 Qd7xf5
15.exf5 Bh5xd1
16.Ne5xc6 Bd1xc2
17.Nc6xe7 Kh8
18.d4 Bc2d3
19.Rf1e1 Ra8a7
20.dxc5 dxc5
21.Ne7c6 Ra7a6
22.Nc6e5 Bd3xf5
23.Ne5xf7 Kg8
24.Re1e7 Ra6e6
25.Re7xe6 Bf5xe6
26.Nf7g5 Ne8c7
27.Ng5xe6 Nc7xe6
28.Ra1e1 Ne6d4
29.Re1e5 Rf8c8
30.Bb2a3 c4
31.Re5c5 Rc8xc5
32.Ba3xc5 Nd4e2
33.Kf1 Ne2c3
34.bxc4 Nc3xa2
35.Ke2 Na2c1
36.Ke3 Nc1b3
37.Bc5a3 Kf7
38.Kd3 a4
39.Kc3 Ke6
40.Kb4 Nb3d2
41.c5 Kd7
42.Kxa4 Kc6
43.f3 Nd2c4
44.Ba3b4 Nc4b2
45.Kb3 Nb2d3
46.g3 Nd3c1
47.Kc2 Nc1e2
48.Bb4c3 Kxc5
49.Bc3xg7 Ne2xg3
50.Kd3 Kd5
51.Bg7c3 Ng3f5
52.f4 h5
53.Bc3f6 { draw }
1/2-1/2

[Event "Tourn. n9609"]
[Site "www.chess-mail.com"]
[Date "2017.11.17"]
[Round "1"]
[White "Jose"]
[Black "Darko10"]
[WhiteElo "2810"]
[BlackElo "2790"]
[Result "1/2-1/2"]
[Round "1"]
1.d4 Ng8f6
2.c4 e6
3.g3 d5
4.Ng1f3 Bf8b4
5.Bc1d2 Bb4e7
6.Bf1g2 c6
7.O-O O-O
8.Qd1c2 b6
9.Rf1d1 Nb8d7
10.Bd2f4 Bc8b7
11.Nb1c3 dxc4
12.Nf3d2 Nf6d5
13.Nd2xc4 Nd5xf4
14.gxf4 Qd8c7
15.e3 Ra8d8
16.Ra1c1 c5
17.d5 exd5
18.Nc3xd5 Bb7xd5
19.Rd1xd5 b5
20.Nc4e5 Nd7xe5
21.Rd5xe5 Be7d6
22.Re5d5 a6
{ draw }
1/2-1/2

[Event "Match"]
[Site "www.echecsemail.com"]
[Date "2017.11.17"]
[Round "1"]
[White "Lion123"]
[Black "Begory"]
[WhiteElo "1499"]
[BlackElo "1620"]
[Result "0-1"]
[Round "1"]
1.d4 d5
2.c4 Ng8f6
3.Nb1c3 Bc8f5
4.Ng1f3 Nb8c6
5.Bc1g5 e6
6.cxd5 exd5
7.Bg5xf6 Qd8xf6
8.Nc3xd5 Qf6d6
9.Qd1b3 O-O-O
10.Nf3g5 Nc6xd4
11.Ng5xf7 Qd6c6
12.Nd5b4 Bf8xb4
{ resign }
0-1

[Event "Match"]
[Site "www.echecsemail.com"]
[Date "2017.11.17"]
[Round "1"]
[White "Gidi5"]
[Black "Canario"]
[WhiteElo "2059"]
[BlackElo "1900"]
[Result "1-0"]
[Round "1"]
1.e4 e5
2.Ng1f3 Nb8c6
3.Bf1c4 h6
4.O-O Bf8c5
5.c3 a6
6.d4 exd4
7.cxd4 Bc5a7
8.b4 Qd8f6
9.e5 Qf6e7
10.d5 Nc6xb4
11.a3 Qe7c5
12.Bc4b3 d6
13.axb4 Qc5xb4
14.Ra1a4 Qb4b5
15.exd6 cxd6
16.Ra4e4 Kd8
17.Bb3a4 Qb5a5
18.Bc1a3 Ba7c5
19.Re4e8 Kc7
20.Ba3xc5 Qa5xc5
21.Qd1d2 b5
22.Rf1c1 { resign }
1-0

[Event "Match"]
[Site "www.echecsemail.com"]
[Date "2017.11.17"]
[Round "1"]
[White "Sahlapalat"]
[Black "Begory"]
[WhiteElo "1499"]
[BlackElo "1500"]
[Result "1-0"]
[Round "1"]
1.d4 d5
2.c4 Ng8f6
3.cxd5 Nf6xd5
4.e4 Nd5f6
5.Nb1c3 e6
6.Ng1f3 Bf8b4
7.Bf1d3 O-O
8.O-O Nb8d7
9.Bc1g5 Bb4e7
10.Qd1e2 Nf6e8
11.Bg5xe7 Qd8xe7
12.Rf1e1 c5
13.e5 cxd4
14.Nf3xd4 b6
15.Qe2e4 Ra8b8
16.Qe4xh7 { resign }
1-0

[Event "Match"]
[Site "www.echecsemail.com"]
[Date "2017.11.17"]
[Round "1"]
[White "Cristiano"]
[Black "Darknight"]
[WhiteElo "1710"]
[BlackElo "1780"]
[Result "0-1"]
[Round "1"]
1.e4 e5
2.f4 exf4
3.Ng1f3 d6
4.d4 g5
5.h4 g4
6.Nf3g1 Ng8f6
7.Nb1c3 c6
8.Bc1xf4 Bc8e6
9.Bf1d3 Nb8d7
10.Ng1e2 h5
11.g3 a6
12.e5 Nf6d5
13.Nc3xd5 Be6xd5
14.O-O Bd5f3
15.exd6 Qd8b8
16.Qd1d2 Bf8xd6
17.Qd2e3 Kd8
18.Bf4xd6 Qb8xd6
19.c3 Rh8e8
20.Qe3f2 Kc7
21.Ne2f4 Nd7f6
22.Ra1e1 Nf6d5
23.Nf4xh5 Re8h8
24.Nh5g7 Qd6f6
25.Ng7f5 Rh8h5
26.Re1e5 Ra8h8
27.Rf1e1 Nd5f4
28.Re5e7 Kb6
29.d5 c5
30.Qf2c2 Rh8b8
31.Qc2b3 Ka7
32.Bd3b1 Nf4xd5
33.Re7d7 Qf6c6
34.Rd7d6 Qc6c7
35.Kh2 Rh5xf5
36.Bb1xf5 Qc7xd6
37.Qb3c4 Rb8h8
38.Bf5xg4 Rh8xh4
{ resign }
0-1

[Event "Match"]
[Site "www.echecsemail.com"]
[Date "2017.11.17"]
[Round "1"]
[White "Paco"]
[Black "Tonino1"]
[WhiteElo "1910"]
[BlackElo "2170"]
[Result "1-0"]
[Round "1"]
1.e4 d6
2.d4 Ng8f6
3.Nb1c3 g6
4.Bf1c4 Bf8g7
5.Ng1f3 O-O
6.Bc1e3 c6
7.Qd1d2 Rf8e8
8.O-O-O Qd8c7
9.Nf3g5 e6
10.h4 d5
11.e5 Nf6g4
12.Bc4b3 Ng4xe3
13.Qd2xe3 Nb8d7
14.h5 Nd7f8
15.Qe3h3 h6
16.Ng5f3 g5
17.Nf3xg5 Qc7e7
18.f4 hxg5
19.h6  { time }
1-0

[Event "Match"]
[Site "www.echecsemail.com"]
[Date "2017.11.17"]
[Round "1"]
[White "Pellix84"]
[Black "Joaodelisboa"]
[WhiteElo "2080"]
[BlackElo "2080"]
[Result "0-1"]
[Round "1"]
1.d4 Ng8f6
2.c4 e6
3.g3 d5
4.Bf1g2 c6
5.Nb1c3 Bf8e7
6.e4 dxe4
7.Nc3xe4 Nf6xe4
8.Bg2xe4 Nb8d7
9.Qd1g4 Nd7f6
10.Qg4xg7 Rh8g8
11.Qg7h6 Nf6xe4
12.Qh6xh7 Qd8a5
13.Kf1 Ne4f6
14.Qh7d3 b6
15.Bc1d2 Qa5h5
16.Ng1e2 Qh5h3
17.Kg1 Bc8b7
18.Ne2f4 Qh3h8
19.Bd2c3 Ra8d8
20.Qd3e2 Qh8h7
21.c5 Nf6e4
22.Ra1c1 Ne4xc3
23.bxc3 Qh7f5
24.Nf4d3 Bb7a6
25.Rc1d1 bxc5
26.Qe2e3 cxd4
27.cxd4 Qf5g4
28.Kg2 Qg4xd4
29.Qe3xd4 Rd8xd4
30.Nd3e5 Rd4xd1
31.Rh1xd1 f6
32.Ne5f3 Ba6e2
33.Rd1c1 Be2xf3
34.Kxf3 Kd7
35.h4 f5
36.h5 Be7g5
37.Rc1h1 Bg5h6
38.Kg2 Rg8b8
39.Rh1h4 Ke7
40.Kf3 Kf6
41.g4 Kg5
42.Kg3 Rb8b4
43.f3 f4
{ resign }
0-1

[Event "Tourn. n9469"]
[Site "www.chess-mail.com"]
[Date "2017.11.18"]
[Round "1"]
[White "Numanoid"]
[Black "Conde7"]
[WhiteElo "2440"]
[BlackElo "2850"]
[Result "0-1"]
[Round "1"]
1.d4 Ng8f6
2.c4 e6
3.Nb1c3 Bf8b4
4.Qd1c2 O-O
5.a3 Bb4xc3
6.Qc2xc3 b6
7.Bc1g5 Bc8b7
8.e3 d6
9.Ng1e2 Nb8d7
10.Qc3c2 c5
11.Ra1d1 cxd4
12.Rd1xd4 Qd8e7
13.Ne2c3 Rf8d8
14.f3 d5
15.cxd5 exd5
16.Kf2 h6
17.Bg5xf6 Qe7xf6
18.Bf1e2 Nd7f8
19.Rh1d1 Ra8c8
20.Qc2b3 Nf8e6
21.Rd4xd5 Qf6h4
22.Kg1 Bb7xd5
23.Nc3xd5 Rc8c5
24.e4 Ne6f4
25.Nd5xf4 Rd8xd1
26.Qb3xd1 Qh4xf4
27.Kf2 Qf4xh2
28.Qd1d8 Kh7
29.Be2d3 Rc5g5
30.e5 g6
{ resign }
0-1

[Event "Tourn. n9600"]
[Site "www.chess-mail.com"]
[Date "2017.11.18"]
[Round "1"]
[White "Apdash"]
[Black "Coolant"]
[WhiteElo "2260"]
[BlackElo "2360"]
[Result "0-1"]
[Round "1"]
1.d4 d5
2.Ng1f3 c6
3.e3 Bc8g4
4.c4 Qd8b6
5.cxd5 cxd5
6.Qd1a4 Bg4d7
7.Qa4c2 Nb8c6
8.Bc1d2 Ra8c8
9.Qc2d1 Ng8f6
10.Bf1d3 Qb6xb2
11.Bd2c3 Qb2b6
12.O-O e6
13.a4 Bf8d6
14.a5 Qb6c7
15.a6 b6
16.Ra1a2 O-O
17.Ra2c2 Qc7b8
18.h3 e5
19.dxe5 Nc6xe5
20.Bc3xe5 Bd6xe5
21.Nb1d2 Qb8d6
22.Qd1b1 Rc8xc2
23.Qb1xc2 Rf8c8
24.Qc2b1 g6
25.Nf3xe5 Qd6xe5
26.Nd2b3 Nf6e8
27.Nb3d4 Ne8g7
28.Rf1e1 Ng7e6
29.Nd4f3 Qe5c3
30.e4 Ne6c5
31.Bd3f1 Nc5xe4
32.Re1d1 Qc3c5
33.Qb1b2 Bd7e6
34.Nf3d4 Ne4c3
35.Rd1c1 Qc5xd4
36.Rc1c2 Qd4c5
37.h4 d4
38.g3 Be6f5
39.Rc2d2 Rc8e8
40.Kh2 Re8e1
41.Bf1g2 Re1b1
{ resign }
0-1

[Event "Tourn. n9554"]
[Site "www.chess-mail.com"]
[Date "2017.11.18"]
[Round "1"]
[White "Pachi"]
[Black "Azulmarino"]
[WhiteElo "1640"]
[BlackElo "1630"]
[Result "0-1"]
[Round "1"]
1.e4 d5
2.f3 dxe4
3.fxe4 e5
4.Ng1f3 Nb8c6
5.Bf1b5 Bc8d7
6.Bb5xc6 Bd7xc6
7.d3 Ng8f6
8.Bc1g5 h6
9.Bg5xf6 Qd8xf6
10.O-O Ra8d8
11.a3 Bf8c5
12.Kh1 Bc6xe4
13.Nb1c3 Be4c6
14.Rf1e1 Bc5f2
15.Re1xe5 Kd7
16.d4 Rh8e8
17.Qd1e2 Bf2xd4
18.Ra1d1 Kc8
19.Re5xe8 Bc6xe8
20.Nc3e4 Qf6b6
21.Nf3xd4 Qb6xb2
22.a4 Rd8xd4
23.Ne4f2 Be8xa4
24.Rd1xd4 Qb2xd4
25.Nf2g4 Qd4a1
{ resign }
0-1

[Event "Tourn. n9548"]
[Site "www.chess-mail.com"]
[Date "2017.11.18"]
[Round "1"]
[White "Fabos12"]
[Black "Luban"]
[WhiteElo "1990"]
[BlackElo "2060"]
[Result "1-0"]
[Round "1"]
1.d4 d5
2.Ng1f3 e6
3.Bc1f4 c5
4.c3 h6
5.e3 a6
6.Nb1d2 Nb8c6
7.Bf1d3 Ng8f6
8.h3 c4
9.Bd3e2 b5
10.a3 Bc8b7
11.Nf3e5 Bf8e7
12.Nd2f3 Nf6e4
13.Ne5xc6 Bb7xc6
14.Nf3e5 Bc6b7
15.f3 Be7h4
16.g3 Ne4xg3
17.Bf4xg3 Bh4xg3
18.Kd2 Bg3xe5
19.dxe5 Qd8c7
20.f4 O-O
21.Rh1g1 a5
22.b4 axb4
23.axb4 Ra8xa1
24.Qd1xa1 Rf8a8
25.Qa1b1 Qc7b8
26.Be2h5 Ra8a3
27.Bh5xf7 Kh8
28.Rg1xg7 Ra3a2
29.Ke1 Ra2a1
30.Qb1xa1 Kxg7
31.Bf7xe6 Qb8d8
32.Qa1a7 { resign }
1-0

[Event "Match"]
[Site "www.echecsemail.com"]
[Date "2017.11.18"]
[Round "1"]
[White "Jpmartinez"]
[Black "Witpar"]
[WhiteElo "2560"]
[BlackElo "2710"]
[Result "0-1"]
[Round "1"]
1.d4 Ng8f6
2.c4 g6
3.Nb1c3 Bf8g7
4.e4 d6
5.Bf1e2 O-O
6.Bc1g5 Nb8a6
7.f4 c6
8.Ng1f3 Na6c7
9.Bg5h4 b5
10.e5 Nf6h5
11.Qd1d2 bxc4
 { time }
0-1

[Event "Match"]
[Site "www.echecsemail.com"]
[Date "2017.11.18"]
[Round "1"]
[White "Llord"]
[Black "Gidi5"]
[WhiteElo "1920"]
[BlackElo "1499"]
[Result "0-1"]
[Round "1"]
1.e4 e5
2.Ng1f3 Nb8c6
3.Bf1c4 Bf8e7
4.O-O Ng8f6
5.Nb1c3 O-O
6.d3 d6
7.Nc3d5 Nf6xd5
8.exd5 Nc6a5
9.Bc1d2 Na5xc4
10.dxc4 Bc8g4
11.h3 Bg4f5
12.c3 Bf5d3
13.Rf1e1 Bd3xc4
14.Bd2e3 c6
15.b3 Bc4xd5
16.c4 Bd5e6
17.Ra1b1 Qd8a5
18.a4 Qa5d8
19.Nf3d2 d5
20.cxd5 cxd5
21.Nd2f3 d4
22.Be3d2 Be6f5
23.Rb1c1 e4
24.Nf3h2 d3
25.Nh2f1 Ra8c8
26.Rc1xc8 Qd8xc8
27.Re1e3 Be7g5
28.Re3g3 Bg5xd2
29.Qd1xd2 Qc8d7
30.Nf1e3 Bf5g6
31.Ne3c4 Qd7d4
32.Rg3g4 f5
33.Rg4f4 Qd4a1
34.Kh2 Rf8c8
35.g4 fxg4
36.Rf4xg4 Rc8f8
37.a5 Qa1f1
38.Rg4g2 Rf8f5
39.Nc4d6 Qf1e2
40.f4 Qe2xd2
41.Rg2xd2 Rf5xa5
42.Nd6xb7 Ra5b5
43.Nb7d6 e3
{ resign }
0-1